000 00580cam a2200181 4500500
005 20260405003008.0
041 _afre
042 _adc
100 1 0 _aMorel, François
_eauthor
245 0 0 _a« Le premier homme qui est mort a dû être drôlement surpris »
260 _c2019.
500 _a42
690 _aFrançois Morel
690 _aHumour
690 _aWolinski
786 0 _nPhilosophie magazine | 134 | 11 | 2019-11-01 | p. 70-70 | 1951-1787
856 4 1 _uhttps://shs.cairn.info/magazine-philosophie-magazine-2019-11-page-70?lang=fr&redirect-ssocas=7080
999 _c2063326
_d2063326